Visions: artists living with epilepsy (Record no. 78365)

MARC details
000 -LEADER
fixed length control field 01221nam a2200217 a 4500
008 - FIXED-LENGTH DATA ELEMENTS--GENERAL INFORMATION
fixed length control field 150615s2003 ||||||||||||||||| || u
020 ## - INTERNATIONAL STANDARD BOOK NUMBER
International Standard Book Number 0126213577
050 ## - LIBRARY OF CONGRESS CALL NUMBER
Classification number N 8355 Vis
100 ## - MAIN ENTRY--PERSONAL NAME
Personal name Schachter, Steven C
245 10 - TITLE STATEMENT
Title Visions: artists living with epilepsy
Statement of responsibility, etc edited by Steven C. Schachter
260 ## - PUBLICATION, DISTRIBUTION, ETC. (IMPRINT)
Place of publication, distribution, etc San Diago, California:
Name of publisher, distributor, etc Academic Press
Date of publication, distribution, etc 2003
300 ## - PHYSICAL DESCRIPTION
Extent xi, 125p.: ill.
350 ## -
-- 35.70
500 ## - GENERAL NOTE
General note accompaned by a CD-ROM
650 ## - SUBJECT ADDED ENTRY--TOPICAL TERM
Topical term or geographic name as entry element ART, MODERN--20TH CENTURY
650 ## - SUBJECT ADDED ENTRY--TOPICAL TERM
Topical term or geographic name as entry element EPILEPTIC ARTISTS
995 ## - RECOMMENDATION 995 [LOCAL, UNIMARC FRANCE]
-- CBU-MAIN LIBRARY (Kitwe)
-- 35.70
-- 1
-- AVAILABLE
-- Aug 20, 2015
-- Main Library Open Access Collection
995 ## - RECOMMENDATION 995 [LOCAL, UNIMARC FRANCE]
-- CBU-MAIN LIBRARY (Kitwe)
-- 35.70
-- 2
-- AVAILABLE
-- Aug 20, 2015
-- Main Library Open Access Collection
995 ## - RECOMMENDATION 995 [LOCAL, UNIMARC FRANCE]
-- CBU-SCHOOL OF MEDICINE LIBRARY (Ndola)
-- 35.70
-- 4
-- AVAILABLE
-- Aug 20, 2015
-- Medical Library Open Access Collection
995 ## - RECOMMENDATION 995 [LOCAL, UNIMARC FRANCE]
-- CBU-SCHOOL OF MEDICINE LIBRARY (Ndola)
-- 35.70
-- 3
-- AVAILABLE
-- Aug 20, 2015
-- Medical Library Open Access Collection
Holdings
Withdrawn status Lost status Source of classification or shelving scheme Damaged status Not for loan Permanent Location Current Location Shelving location Date acquired Total Checkouts Full call number Barcode Date last seen Copy number Price effective from Koha item type
          CBU-MAIN LIBRARY, KITWE. CBU-MAIN LIBRARY, KITWE.   05/16/2023   N 8355 Vis 745621 05/16/2023 1 05/16/2023 MONOGRAPH
          CBU-MAIN LIBRARY, KITWE. CBU-MAIN LIBRARY, KITWE.   05/16/2023   N 8355 Vis 745622 05/16/2023 2 05/16/2023 MONOGRAPH
          CBU-SCHOOL OF MEDICINE LIBRARY, NDOLA. CBU-SCHOOL OF MEDICINE LIBRARY, NDOLA.   05/16/2023   N 8355 Vis 903142 05/16/2023 3 05/16/2023 MONOGRAPH
          CBU-SCHOOL OF MEDICINE LIBRARY, NDOLA. CBU-SCHOOL OF MEDICINE LIBRARY, NDOLA.   05/16/2023   N 8355 Vis 903141 05/16/2023 4 05/16/2023 MONOGRAPH